BROWN'S SKIN & MINOR SURGERY A TEXT BOOK AND COLOR ATLAS (Record no. 14905)

MARC details
000 -LEADER
fixed length control field 00296nam a22001217a 4500
003 - CONTROL NUMBER IDENTIFIER
control field SGT
082 ## - DEWEY DECIMAL CLASSIFICATION NUMBER
Classification number 617.024
Item number B15B
100 ## - MAIN ENTRY--PERSONAL NAME
Personal name BOTTING, JONATHAN
245 ## - TITLE STATEMENT
Title BROWN'S SKIN & MINOR SURGERY A TEXT BOOK AND COLOR ATLAS
260 ## - PUBLICATION, DISTRIBUTION, ETC. (IMPRINT)
Place of publication, distribution, etc LONDON
Name of publisher, distributor, etc CRC PRESS
Year of Publication 2015
300 ## - PAGE DESCRIPTION
No. of Pages 330
942 ## - ADDED ENTRY ELEMENTS (KOHA)
Source of classification or shelving scheme Dewey Decimal Classification
Koha item type Books

No items available.